| 000 | 01384cad a22002055a 4500 | ||
|---|---|---|---|
| 001 | L153303 | ||
| 008 | 110707s2011 xxk 000 0 eng d | ||
| 020 | _a9781842196977 | ||
| 035 | _a(Sirsi) u153303 | ||
| 041 | 0 | _aeng | |
| 110 | 2 |
_aRoyal Institution of Chartered Surveyors _94900 |
|
| 245 | 0 | 0 |
_aPart L _bconservation of fuel and power _h[electronic resource] |
| 260 |
_aCoventry _bRICS _c2011 |
||
| 490 | 0 | _aRICS Information Paper | |
| 520 | _aThis information paper looks at the requirements for compliance with the energy and carbon sections of Part L of the Building Regulations, in light of the revisions effected in October 2010. The following matters are considered: an explanation of the "flat" (residential) and "aggregate?" (non-domestic) approach; transition arrangements (when the new regulations are enforced); changes to the compliance software. Three cost model case studies - residential, commercial office and supermarket - are provided to demonstrate: likely changes to specifications; likely cost increases; changes in running costs; and measures that have the greatest carbon-reducing impact. | ||
| 651 | 4 |
_aEngland and Wales _y1543- |
|
| 690 |
_aBuilding regulations _96224 |
||
| 856 | 4 | 1 |
_uhttps://www.rics.org/Global/Downloads/RICS_Part_L_Conservation_of_fuel_and_power.pdf _zView the item free of charge at www.rics.org (members only access) |
| 942 | _n0 | ||
| 999 |
_c112457 _d112457 |
||